000 00265nam a22001217a 4500
003 SGT
082 _a306.4
_bMAK
100 _a MAKHIJA VINAY
245 _aBIOPIRACY AND PATENTS THREATS TO TRADITIONAL KNOWLEDGE
260 _c2015
300 _a107
942 _2ddc
_cTH
999 _c15896
_d15896